Metallica Songs - Sudden Death - Statistics

General Stats
  • This quiz has been taken 157 times
  • The average score is 8 of 10
Answers on the Grid
Answers color-coded by a green-red scale on the quiz's grid according to % correct below.
Ace of Spades
Angel of Death
Battery
Creeping Death
Creeping Death Machine
Electric Eye
Enter Sandman
Enter the Phoenix
Fade Away
Fade to Black
For Whom the Bell Tolls
Harvester of Sorrowful Souls
Highway to Hell
Holy Diver
Master of Disguise
Master of Puppets
Nothing Else Matters
Nothing to Say
Painkiller
Raining Blood
Ride the Lightning
Ride the Sky
Run to the Hills
Seek & Destroy
Symphony of Destruction
The Trooper
The Unforgiven
The Unforgiven Scream
Thunderstruck
Youth Gone Wild
 
Answer Stats
Answer % Correct
Enter Sandman
94%
Master of Puppets
87%
Fade to Black
84%
For Whom the Bell Tolls
83%
Battery
82%
Nothing Else Matters
81%
Seek & Destroy
81%
The Unforgiven
79%
Creeping Death
77%
Ride the Lightning
77%
No matching quizzes found
Score Distribution
Percent of People with Each Score
Percentile by Number Answered
Your Score History
You have not taken this quiz